000 01069nam a22003377a 4500
001 0043694
003 KOHA_MİRAKIL
005 20260207003358.0
007 ta
008 130730b2003 tu |||gr||||#||||0|tur |
020 _a9758704905
040 _aTR-BiSEU
_btur
_cTR-BiSEU
_erda
041 0 _atur
044 _ctu
050 _aD214
_b.T67 2003
245 1 _aTop, tüfek ve süngü :
_bYeniçağda savaş sanatı, 1453-1815/
_cEditör Jeremy Black ; çeviren Yavuz Alogan.
264 1 _aİstanbul :
_bKitap Yayınevi
_c2003
300 _a288 sayfa ;
_c21 cm.
336 _ametin
_btxt
_2rdacontent
337 _aaracısız
_bn
_2rdamedia
338 _acilt
_bnc
_2rdacarrier
490 1 _aKitap yayınevi ;
_v15.
490 1 _aTarih ve Coğrafya dizisi ;
_v5
500 _aDizin var.
500 _aKaynakça var.
500 _aÖzgün eser adı : European warfare, 1453-1815.
650 0 _aEurope--History, Military--1492-1648.
_977644
830 1 _aKitap yayınevi ;
_v15.
_926654
830 1 _aTarih ve Coğrafya dizisi ;
_v5
_951066
942 _2lcc
_cBK
999 _c43505
_d43505